01346nam a22003137a 4500003000400000005001700004008004100021040002200062082001500084100003900099245001300138260008200151300001800233490001100251505001400262505005300276505006700329505006200396505006500458505006400523505007300587505006600660505008800726650006000814650006100874650005600935942002600991999001501017OSt20230302121515.0221006b |||||||| |||| 00| 0 eng d cBiblioteca Lado V a320bM743c 9782aMonge, Luis Albertoedirector aCombate/ bInstituto Internacional de Educación Políticac1962aSan Jose, Costa Rica c18x25cma71p. a21vIV tEditorial tPanorama Político del BrasilrFernando Ferrari rChikao FujisawatSintoísmo Fundamento de la Cultura Japonesa rClarence O. SeniortLatinoamérica no Admite Prioridades rFernando Henrique CardosotTirantez Social y Reforma Agraria rPeter R. Nehemkis Jr.tLatinoamérica en su Hora Decisiva  rJuan Castella GassoltLa Educación Conservadora en el Capitalismo  rVictor R. Haya de la TorretEl APRA Treinta Años Después  rFelipe Vazquez VarinitPerfil: Jose Batlle y Ordoñez Gran Reformador del Uruguay  2Tesauro de Arte & ArquitecturaaCIENCIAS POLITICAS9703 2Tesauro de Arte & ArquitecturaaPOLITICA CENTROAMERICANA 2Tesauro de Arte & ArquitecturaaPUBLICACION SERIADA 2ddcc1h320iM743cn0 c3128d3128